000 04176nam a2200481 a 4500
001 dia_5074
003 CHAP
005 20250808124813.0
007 ta
008 220117s2000 mx ado frm 001 0 spa d
010 _a175900
040 _cCHAP
_amxchpua
041 0 _aspa
_beng
090 _aTesis
_bC39
_c2000
100 1 _aCázares Sánchez, Esmeralda
240 1 0 _aTreatment of ruminal contentof bovine mediating a anaerobic horizontal reactor.
_lEspañol
245 1 0 _aTratamiento de contenido ruminal de bovinos mediante un biodigestor anaerobio horizontal /
_cEsmeralda Cázares Sánchez y Ciprián Antonio García Cabrera
264 _aChapingo, México :
_bEl autor,
_c2000
300 _av, 71 hojas :
_bilustraciones, tablas, gráficas, fotografías
336 _2rdacontent
_atexto
_btxt
337 _2rdamedia
_ano mediado
_bn
338 _2rdacarrier
_avolumen
_bnc
502 _aTesis
_b(Ingeniero Agroindustrial) --
_cUACh. Departamento de Ingeniería Agroindustrial,
_d2000
504 _aBibliografía: hojas 69-70
520 3 _aEsta investigación se llevó a cabo en la Universidad Autónoma Chapingo, en el Departamento de Ingenieria Agroindustrial y consistió en el tratamiento del contenido ruminal de bovinos, evaluando las demandas quimica y bioquimica de oxigeno del mismo para lo cual se realizó la adaptación de un tanque metálico como biodigestor anaerobio obteniéndose la materia prima en un pequeño matadero de Jolalpan, en el Estado de México. Se trataron 127 litros de contenido ruminal en un biodigestor de 367 litros de capacidad produciéndose 254 litros de efluente y 0.8468m² de biogas Se realizaron los siguientes análisis para la materia prima (contenido ruminal): humedad, cenizas, nitrógeno, proteina, extracto etéreo, demanda bioquimica y química de oxigeno Durante el tiempo del experimento, para el efluente se monitoreo lo siguiente: temperatura de funcionamiento, pH, demanda quimica y bioquimica de oxigeno y producción de gas. Al término del experimento se caracterizó el efluente utilizandose los parámetros de: color, conductividad eléctrica, pH, materia orgánica, sólidos sedimentables totales, nitrógeno, fósforo, potasio, calcio, magnesio, hierro, zinc, cobre y manganeso Los resultados obtenidos arrojaron datos de abatimiento de la demanda química de oxigeno hasta un 90.02%, y de la demanda bioquimica hasta un 57.5%
520 3 _aThis investigation was carried out at the Universidad Autbnoma Chapingo, in the Department of Agroindustrial Engineering and it consisted in the adaptation of a metallic tank as an anaerobic reactor; in which the chemical and biochemical oxygen demand of slaughtered bovine ruminal content. A 367 L reactor contained initially 127 L of ruminal fluids and produced 254L of effluent and 0.8468m² of biogas. Humidity, ashes, nitrogen, ethereal extract biochemical and chemical oxygen demand of the initial ruminal content was determinated. Temperature, pH, biochemical and chemical oxygen demand and production of gas were monitored during the experiment. Color, electric conductivity, pH, organic matter, total solid sediments, nitrogen,phosphorus, potassium, calcium, magnesium, iron, zinc, copper and manganese of the effluent were determinated at the end of the fermentation process. At the end of the experiment, the efluent chemical and biochemical oxygen demand were reduced 90.02% and 57.5% respectively.
650 1 3 _aDigestores anaeróbicos
_2atg
650 1 3 _aGanado bovino
_xMataderos
_2atg
650 1 3 _aResiduos de matadero
_2atg
650 1 2 _aTratamiento de desechos
_2atg
650 1 3 _aAnaerobic digesters
_2atg
650 1 3 _aCattle
_xSlaughterhouses
_2atg
650 1 3 _aSlaughterhouse wastes
_2atg
650 1 3 _aWaste treatment
_2atg
700 1 _aGarcía Cabrera, Ciprián Antonio
_eautor
700 1 _aEsparza Torres, Félix
_edirector
700 1 _aArias Chávez, Jesús
_easesor
700 1 _aMartínez Romero, Salvador
_easesor
901 _aTESIS C39 2000
902 _aM
905 _a5212272000 mx amn 8223223322spa16
942 _cTESIS
_2Clasificación Universidad Autónoma Chapingo
999 _c175900
_d175900